| 000 | 01661nam a2200241 a 4500 | ||
|---|---|---|---|
| 001 | ASIN1551111543 | ||
| 005 | 20170105102932.0 | ||
| 008 | 140828s2000 xxu eng d | ||
| 020 |
_a1551111543 (paperback) _c$29.95 |
||
| 020 | _a9781551111544 (paperback) | ||
| 040 | _a0 | ||
| 050 | 0 | 4 | _aJZ5538 |
| 082 | 0 | 4 |
_a327.172 _bFIS 1999 |
| 245 | 1 | 0 |
_aPatterns of conflict, paths to peace / _cLarry Fisk, John Schellenberg. |
| 260 |
_a[S.l.] : _bBroadview Press, _c2000. |
||
| 300 |
_a221 p. ; _c23 cm. |
||
| 520 | _aThis book aims to build bridges to peace by spanning the fields of conflict resolution and traditional peace studies, and by facing the contending perspectives of academics and practitioners. It serves not only as a transdisciplinary introduction to the study of peace and conflict but as an intelligent and sensitive challenge to common understandings. Positive peace, conflict transformation, contemporary peacekeeping, non-violent action, peace education and the new peace movements are laid out for consideration and basic concepts and directions are covered. But more important is the critical evaluation of patterns and the plotting of alternative paths. As UNESCO promotes an International Year of the Culture of Peace (2000) and the United Nations sponsors a decade of peace culture (2000 to 2010), the essays in Patterns of Conflict, Paths to Peace represent an invaluable primer for anyone concerned to participate in such a culture. | ||
| 650 | 0 | _aPeace | |
| 700 | 1 | _aFisk, Larry. | |
| 700 | 1 | _aSchellenberg, John. | |
| 856 | 4 | 0 |
_3Amazon.com _uhttp://www.amazon.com/exec/obidos/ASIN/1551111543/chopaconline-20 |
| 942 |
_2ddc _cBK |
||
| 999 |
_c16099 _d16099 |
||